Marcel Pagnol - Statistiques

Statistiques générales
  • Ce quiz a été pris 34 fois
  • Le résultat moyen est 10 sur 16
Statistiques - réponses
Question Réponse % Correct
Quel est le titre du roman faisant l'éloge de son père ? La gloire de mon père
97%
A quelle région est-il associé ? La Provence
93%
Quel métier exerçait son père ? Instituteur
83%
Complétez cet incipit : « Je suis né dans la ville d'..., Aubagne
79%
Dans quelle prestigieuse institution est-il élu en 1946 ? L'Académie française
76%
Dans l'une de ses œuvres les plus connues, qu'il adaptera en roman par la suite, les protagonistes se déchirent autour d'une ressource essentielle. Laquelle ? L'eau
72%
En quelle année est-il né ? 1895
62%
Quel est le nom du premier film qu'il réalise, en 1931 ? Marius
59%
Qui est son interprète favori, qui tient le premier rôle dans sa "trilogie marseillaise" ? Raimu
59%
En quelle année est-il mort ? 1974
55%
Quel pièce de théâtre lance sa carrière ? Topaze
55%
sous le .... couronné de chèvres, Garlaban
48%
Refusant de tourner des films de propagande nazie, il cède sa société de production à un studio français, bien connu aujourd'hui. Lequel ? Gaumont
41%
au temps des derniers .... » Chevriers
38%
A quel château fait référence Le Château de ma Mère ? Le château de la Buzine
28%
Dans quel film s'inspire-t-il de l'œuvre d'Alphonse Daudet ? Les lettres de mon moulin
28%
Aucun quiz correspondant
Distribution des résultats
% des personnes avec chaque résultat
Percentile par nombre de réponses
Votre historique - résultats
Vous n’avez pas pris ce quiz